Deffensa de la poesía (Record no. 52813)

MARC details
000 -LEADER
campo de control de longitud fija 00799nam a2200205 i 4500
001 - NÚMERO DE CONTROL
campo de control 52813
003 - IDENTIFICADOR DE NÚMERO DE CONTROL
campo de control ES-MaACL
005 - FECHA Y HORA DE LA ÚLTIMA TRANSACCIÓN
campo de control 20230906162641.0
007 - CAMPO FIJO DE DESCRIPCIÓN FÍSICA--INFORMACIÓN GENERAL
campo de control de longitud fija t|
008 - DATOS DE LONGITUD FIJA--INFORMACIÓN GENERAL
campo de control de longitud fija 030904s1977 xxu ||||1| spa d
100 1# - ENTRADA PRINCIPAL--NOMBRE DE PERSONA
Nombre de persona Sidney, Philip.
9 (RLIN) 106207
245 10 - MENCIÓN DEL TÍTULO
Título Deffensa de la poesía
Resto del título : a 17th century anonymorus Spanish translation of Philip Sideney's "Defence of Poesie" /
Mención de responsabilidad, etc. [edited] by Benito Brancaforte.
260 ## - PUBLICACIÓN, DISTRIBUCIÓN, ETC.
Lugar de publicación, distribución, etc. Chapel Hill :
Nombre del editor, distribuidor, etc. University of North Carolina,
Fecha de publicación, distribución, etc. 1977.
300 ## - DESCRIPCIÓN FÍSICA
Extensión 92 p. ;
Dimensiones 23 cm.
490 1# - MENCIÓN DE SERIE
Mención de serie North Carolina studies in the romance languages and literatures ;
Designación de volumen o secuencia 186
700 1# - ENTRADA AGREGADA--NOMBRE PERSONAL
Nombre de persona Brancaforte, Benito.
9 (RLIN) 31322
830 0# - PUNTO DE ACCESO ADICIONAL DE SERIE-TÍTULO UNIFORME
Título uniforme North Carolina studies in the romance languages and literatures ;
Designación de volumen o secuencia 186
9 (RLIN) 182412
852 ## - LOCALIZACIÓN
Ubicación ES-MaACL
Número de control de estantería A-7735
Sublocalización o colección R.96743
Holdings
Estatus retirado Estado de pérdida Estado de daño No para préstamo Biblioteca de origen Biblioteca actual Ubicación en estantería Fecha de adquisición Fuente de adquisición Total de préstamos Signatura topográfica completa Código de barras Visto por última vez Precio de reemplazo Tipo de ítem Koha
        Biblioteca del Ateneo de Madrid Biblioteca del Ateneo de Madrid Sala Pecera Planta 1 17/01/2008     A-7735 1055504 23/02/2023 23/02/2023 Libro impreso